000 00948nam a22003137a 4500
001 7576
003 FISKH
005 20250724115101.0
008 250724b cb ||||| |||| 00| 0 eng d
020 _a0399214984 (lib. bdg.) :
_c$10.95 ($15.50 Can.)
020 _a059043604x
035 _a2895926
040 _aDLC
_cDLC
_dDLC
_beng
050 _aPZ7.W187 C
082 _a813
100 1 _aWard, Cindy
245 1 0 _aCookie's week /
_cby Cindy Ward ; illustrated by Tomie dePaola
250 _aThis edition first published in 1990
260 _aNew York :
_bScholastic,
_c1988.
300 _a28 unnumbered pages :
_bcolor illustrations ;
_c18 x 20 cm
505 _aC
520 _aCookie the cat gets into a different kind of mischief every day of the week.
521 8 _a100
_bLexile
650 1 _aCats
_vFiction.
650 1 _aDays
_vFiction.
700 1 _aDePaola, Tomie,
_dIllustrator
942 _2ddc
_cBK
_n0
999 _c7576
_d7576